000 00413nam a22001697a 4500
003 MPLRDC
005 20220104114412.0
008 210129b ||||| |||| 00| 0 eng d
082 _a848.3 YS
100 _a也斯著; 刘以鬯主编
245 _a山水人物
_c
260 _a
_b香港文学研究社
_c
300 _b
490 _a中国新文学丛书
650 _a现代别集
942 _cBK
_o848.3 YS
999 _c7195
_d7185